| 000 | 00871cab a2200241 4500 | ||
|---|---|---|---|
| 001 | WB3118-31 | ||
| 008 | 090401t1995 xxu||||| |||| 00| 0 eng d | ||
| 035 | _a(Sirsi) u65804 | ||
| 041 | _aeng | ||
| 245 | _aRiver Thames revival plan launched | ||
| 260 | _c1995 | ||
| 350 | _a0 | ||
| 490 |
_aIndependent _v10 May 1995, 7 |
||
| 490 |
_aDoE News Release _v(211) 9 May 1995, (6) |
||
| 520 | _aThe SoS Environment has launched "The Thames Strategy" (HMSO £25, commissioned from Ove Arup, and created the Thames Advisory Group to improve the quality of development along the River Thames. Draft Strategic Planning Guidance is planned for Autumn 1995. | ||
| 650 | _aDRAFT STRATEGIC PLANNING GUIDANCE | ||
| 650 | _aRIVER THAMES | ||
| 650 | _aTHAMES ADVISORY GROUP | ||
| 650 | _aURBAN REGENERATION | ||
| 690 | _aURBAN RENEWAL | ||
| 942 | _n0 | ||
| 948 | _c04/03/1997 | ||
| 999 |
_c41082 _d41082 |
||